000 00628nam a2200241 i 4500
001 C2-0126838
003 PPAK
005 20180727115801.0
008 970916s1992 enk |||| ||||| | eng d
020 _a0745145477
040 _aPPAK
_beng
_cPPAK
_erda
082 0 4 _a823
_223
090 0 0 _a823
_bLAW
_dK
100 1 _aLawrence C, Steven,
_eauthor
245 1 0 _aBullet welcome
264 1 _aGreat Britain :
_bGunsmoke ,
_c1992
300 _a152 pages ;
_c20 cm
336 _2rdacontent
_atext
337 _2rdamedia
_aunmediated
338 _2rdacarrier
_avolume
650 1 0 _aChildren's stories, English
942 _ddc
_cB
999 _c37649
_d37649